000 00445nam a22001697a 4500
003 BD-ChCU
005 20251127115652.0
008 251127b bg ||||| |||| 00| 0 ben d
040 _cBD-ChCU
082 _a664 SLF
100 _aSlade , Frank H.
_917047
245 _aFood processing plant./
_cH. Frank , Slade.
260 _aLondon :
_bLeonard hill ,
_cC 1967
300 _aV.1
650 0 _aFood -preservation.
_917048
942 _2ddc
_cBK
_n0
999 _c109905
_d109905